Teotihuacan : el caracol alado /

Con apoyo en dramatizaciones, se relata la historia de la fundación, desarrollo, abandono y hallazgo moderno de la ciudad de Teotihuacan. Se apoya también en las imágenes de los murales encontrados en las pirámides del Sol y de la Luna, así como en testimonios de arqueólogos que trabajaron en su exp...

Celý popis

Uloženo v:
Podrobná bibliografie
Hlavní autor: Infante, Gonzalo (realización)
Další autoři: Gómez Sáenz, Pablo (realización) (realización), Infante, Gonzalo (guión) (guión), Gómez Sáenz, Pablo (guión) (guión), Dufetel, Dominique (guión) (guión), Rocha, Claudio (fotógrafo) (fotógrafo), Braojos, Ricardo (montaje) (montaje), Giacomán, Alejandro (música) (música)
Médium: Video
Jazyk:španělština
Vydáno: México : INAH : Instituto Mexicano de Cinematografía : C/Producciones, 1992, c1992
Edice:(Ciudades del México Antiguo)
Témata:
Tagy: Přidat tag
Žádné tagy, Buďte první, kdo vytvoří štítek k tomuto záznamu!

MARC

LEADER 00000ngm^a2200000^a^4500
001 000311847
005 20250521000000.0
009 20260310113058.301
037 |a Acervo ITESO - Biblioteca 
041 |a ESP 
082 |a 972. 01  |b INF 
100 |a Infante, Gonzalo  |e (realización) 
245 1 0 |a Teotihuacan :  |b el caracol alado /  |c Realización de G. Infante, P. Gómez Sáenz. 
264 4 |a México :  |b INAH :  |b Instituto Mexicano de Cinematografía :  |b C/Producciones,  |c 1992, c1992 
264 2 |a México :  |b C/Producciones [distribución],  |c copyright fecha no identificada 
300 |a 1 DVD sin dato de región  |c (32 min.) 
336 |a imagen móvil bidimensional  |b tdi  |2 rdacontenido 
337 |a video  |b v  |2 rdamedio 
338 |a videodisco  |b vd  |2 rdasoporte 
440 1 |a (Ciudades del México Antiguo) 
520 |a Con apoyo en dramatizaciones, se relata la historia de la fundación, desarrollo, abandono y hallazgo moderno de la ciudad de Teotihuacan. Se apoya también en las imágenes de los murales encontrados en las pirámides del Sol y de la Luna, así como en testimonios de arqueólogos que trabajaron en su exploración y reconstrucción, quienes hablan del esplendor de Teotihuacan. 
546 |a Doblaje opcional: inglés 
649 |a XX 
650 |a Documentales 
650 |a Cine Mexicano -  |y 1990-1999 
650 |a Cine Mexicano -  |y Siglo XX 
650 |a Pintura Mural -  |z Teotihuacan, México (Estado) -  |x Historia y Crítica 
650 |a Pintura Teotihuacana -  |x Historia y Crítica 
650 |a Pintura Prehispánica -  |z Teotihuacan, México (Estado) -  |x Historia y Crítica 
650 |a Arquitectura Teotihuacana -  |x Historia y Crítica 
650 |a Arquitectura Prehistórica -  |x Historia y Crítica 
650 |a Arquitectura Mexicana -  |x Historia y Crítica 
650 |a Arte Teotihuacano -  |x Historia y Crítica 
650 |a Arte Prehispánico -  |x Historia y Crítica 
650 |a Arte Mexicano -  |x Historia y Crítica 
650 |a Cosmología -  |z Teotihuacan, México (Estado) -  |x Historia y Crítica 
650 |a Restauración y Conservación Arquitectónica -  |z Teotihuacán, México (Estado) 
650 |a Teotihuacan, México (Estado) -  |x Historia -  |y Epoca Prehispánica -  |x Tema Principal 
650 |a Teotihuacan, México (Estado) -  |x Descripción 
650 |a México (Estado) -  |x Historia -  |y Epoca Prehispánica 
650 |a México (Estado) -  |x Descripción 
650 |a México -  |x Historia -  |y Epoca Prehispánica 
650 |a México -  |x Descripción 
700 |a Gómez Sáenz, Pablo  |e (realización) 
700 |a Infante, Gonzalo  |e (guión) 
700 |a Gómez Sáenz, Pablo  |e (guión) 
700 |a Dufetel, Dominique  |e (guión) 
700 |a Rocha, Claudio  |e (fotógrafo) 
700 |a Braojos, Ricardo  |e (montaje) 
700 |a Giacomán, Alejandro  |e (música) 
910 |a Fondo General 
920 |a Audiovisuales - DVDs 
940 |a Películas 
905 |a 302 
901 |a 0500204072  |b IT2  |c DVS  |i C123080  |u 20250521 
902 |a https://opac.biblio.iteso.mx/vufind/Record/000311847